| 000 | 00850nas a2200265 4500 | ||
|---|---|---|---|
| 001 | BR2010004739 | ||
| 003 | BR-BrBNA | ||
| 005 | 20231205114310.0 | ||
| 007 | ta | ||
| 008 | 230509b bl.|||p| |||| 00| 00por d | ||
| 040 |
_aBR-BrBNA _bpor _cBiblioteca Nacional de Agricultura |
||
| 041 | _a(Pt) | ||
| 072 | _aF30 | ||
| 100 | 1 | _aOrtolani, F.A. | |
| 100 | 1 | _aMelloni, M.N.G. | |
| 100 | 1 | _aMariotto, C.F.G. | |
| 100 | 1 | _aMoro, J.R. | |
| 245 | 1 | _aCaracterização citogenética em Anadenanthera colubrina (Vell.)Brenan (Mimosoideae)e Guazuma ulmifolia Lam. (Sterculiaceae) | |
| 650 | _aMIMOSOIDEAE | ||
| 650 | _aMITOSE | ||
| 650 | _aCITOGENÉTICA VEGETAL | ||
| 773 | 0 |
_tActa Botanica Brasilica (Brazil) _xISSN 0102-3306 _g(Apr-Jun 2010), v. 24(2) p. 299-303 _wBR2010004739 |
|
| 909 |
_a202311 _bLúcia _c55 _dLúcia Elande |
||
| 942 |
_2AGRIS _n0 _cANA |
||
| 999 |
_c208100 _d208100 |
||